000 00514nam a2200205Ia 4500
003 GCL
008 140319s9999 xx 000 0 eng d
040 _aGCL /
_cGCL
082 0 4 _a537.5
_bE E
100 1 _aLEAUTEY, PATRICE
245 1 0 _aELECTRONIQUE APPLIQUEE /
_cLEAUTEY, PATRICE
700 1 _aSALETTE, PIERRE
700 1 _aBIANCIOTTO, ANDRE
260 _a[S.N] :
_bDELAGRAVE ،
_c1995
300 _a207 P
650 0 4 _aAPPLIED PHYSICS
650 0 4 _aELECTRONICS
650 0 4 _aPHYSICS
942 _2ddc
_cBK
999 _c16323
_d16323